Normal view MARC view

Entry Personal Name

Number of records used in: 2

001 - CONTROL NUMBER

  • control field: 746216

003 - CONTROL NUMBER IDENTIFIER

  • control field: OSt

005 - DATE AND TIME OF LATEST TRANSACTION

  • control field: 20250317130904.0

008 - FIXED-LENGTH DATA ELEMENTS

  • fixed length control field: 250317|| aca||aabn | a|a d

040 ## - CATALOGING SOURCE

  • Original cataloging agency: OSt
  • Transcribing agency: OSt

100 ## - HEADING--PERSONAL NAME

  • Personal name: Peter J P

670 ## - SOURCE DATA FOUND

  • Source citation: Work cat.: (OSt)1265745: Peter J P, Preface to marketing management, 1982
Copyright @ Delhi University Library System